000 04225nam a2200469 a 4500
001 dia_3707
003 CHAP
005 20250509121216.0
007 ta
008 220601s2004 mx ad frm 001 0 spa d
040 _amxchpua
_cCHAP
041 0 _aspa
_beng
090 _aTesis
_bG66
_c2004
100 1 _aGonzález Coli, Hilcias
240 1 0 _aInfluence of homogenization, fat percentage and syneresis time on “petit suisse” type cheese.
_lEspañol
245 1 0 _aInfluencia de la homogeneización, porciento de grasa y tiempo de desuerado en queso tipo "petit suisse" /
_cHilcias González Coli
264 _aChapingo, México :
_bEl autor,
_c2004
300 _aiv, 78 hojas :
_bilustraciones, tablas, gráficas
336 _2rdacontent
_atexto
_btxt
337 _2rdamedia
_ano mediado
_bn
338 _2rdacarrier
_avolumen
_bnc
502 _aTesis
_b(Ingeniero Agroindustrial) --
_cUACh. Departamento de Ingeniería Agroindustrial,
_d2004
504 _aBibliografía : hojas 74-78
520 3 _aEsta investigación evaluó la influencia de la homogenización en queso tipo “Petit Suisse”, elaborado con leche al 3, 4 y 5% de grasa y homogeneizada a 700, 1000 y 1500 psia; se agregó sacarosa y pasteurizó a 63 ºC por 30 minutos. Se realizaron 9 tratamientos por triplicado con un diseño estadístico Completamente Aleatorizado. En los quesos se midió grasa y humedad a 1 y 2 días de desuerado; los resultados se examinaron en un análisis de varianza con una significancia α=0.05. Los quesos con un día de desuerado, al 3% de grasa presentaron 12.3% de grasa y 59% de humedad. Con el 4% de grasa, 13.7% de grasa y 59.2% de humedad a 1000 y 1500 psia. Al 5% de grasa, la mejor presión fue 700 psia con un 18.5% de grasa y 57.6% de humedad. Se realizó una prueba de preferencia entre un queso comercial y tratamiento al 3% de grasa. La prueba mostró que los 2 quesos fueron preferidos. El tratamiento al 3% de grasa se envasó al vació y se almacenó por 15 y 30 días a 8 °C, para evaluarles el tiempo de vida de anaquel. Al ser comparados por medio de una prueba triangular con uno recién elaborado; mostraron diferencias en la consistencia, acidez y un sabor amargo.
520 3 _aThis research was conducted in order to evaluate the influence of homogenization on “Petit Suisse” type cheese elaborated with 3, 4 and 5 % fat milk homogenized at 700, 1000 and 1500 psia; sucrose was added before pasteurization at 63 °C for 30 minutes. Nine treatments were elaborated by triplication and a completely randomized statistical design was used. Fat and humidity were evaluated 1 and 2 days after syneresis. Results were examined by an analysis of variance with a significance of α=0.05. Three percent fat cheese, one day after syneresis, presented 12.3 % fat and a humidity of 59 %. Four percent fat cheese presented 12.3 % fat and a humidity of 59.2 % at 1000 and 1500 psia. Using 5 % fat, the best pressure was 700 psia, presenting 18.5 % fat and a humidity of 57.6 %. A preference test was conducted using a commercial cheese and the 3 % fat treatment. Results showed both cheeses were equally preferred. The 3 % fat treatment was vacuum packed and stored 15 and 30 days at 8 °C, with the purpose of evaluating its shelf life. Both stored cheeses were compared with a recently elaborated treatment using a triangular test. Results showed differences for consistency, acidity and bitter taste
650 1 3 _aQuesos
_2atg
_xEvaluación sensorial de los alimentos
650 1 3 _aQuesos
_2atg
_xValor nutritivo
650 1 3 _aQuesos
_2atg
_xTiempo de vida
650 1 3 _aQuesos
_2atg
_xHomogeneización
650 1 3 _aCheeses
_2atg
_xSensory evaluation
650 1 3 _aCheeses
_2atg
_xNutritive value
650 1 3 _aCheeses
_2atg
_xShelf life
650 1 3 _aCheeses
_2atg
_xHomogenization
700 1 _aCórdoba Ángeles, Rosa María
_edirectora
700 1 _aSantos Moreno, Armando
_easesor
700 1 _aGómez Cruz, Adalberto
_easesor
856 4 1 _uhttp://10.13.5.2/tesis/100041.pdf
_yDESCARGAR PDF
901 _aTESIS G66 2004
902 _aM
905 _a0000002004 mx 0000000000spa00
942 _cTESIS
_2Clasificación Universidad Autónoma Chapingo
999 _c209394
_d209394